000 00856nam a2200229 a 4500
001 47405
003 BD-RjUL
005 20211209054316.0
008 160808r20091998bg ||||| |||| 00| 0 ben d
020 _a9840747509
_c: Tk. 180.00
035 _a(BD-RjUL)47524
040 _aBD-RjUL
_bben
_cBD-RjUL
041 _aben
082 _223
_a353.4
_bHAB 2009
100 1 _aহক, কাজী এবাদুল
_9117992
245 1 0 _aবিচার ব্যবস্থার বিবর্তন /
_cকাজী এবাদুল হক
260 _aঢাকা :
_bবাংলা একাডেমী,
_c১৯৯৮, [মুদ্রণ ২০০৯]
300 _a[১৫], ৩৪৪ পৃ. ;
_c২১ সেমি.
650 _aবিচার প্রশাসন
_9144187
650 _aAdministration of justice
_9144188
942 _2ddc
_cBK
999 _c47405
_d47405